00630 2200277 4500001002100000005001500021035002000036245004100056100002000097250000600117856004500123260003200168082000800200084001400208600001000222990001200232990001200244990001200256990001200268990001200280990001200292990001200304990001200316990001200328990001200340INLIS00000000000165920250429095419 a0010-04250000751 aGetaran - Getaran /cHaryati Sabadio0 aHaryati Sabadio a1 aRuang Baca Umum No Klas 800 ( Rak 3,4,5) aJakarta :bDjambatan,c2001 a813 a813 HAR g 4aFiksi a02.1920 a02.1921 a02.1922 a02.1923 a02.1924 a02.1925 a02.1926 a02.1927 a02.1928 a02.1929